Making Open Development Inclusive (Record no. 18750)
[ view plain ]
| 000 -LEADER | |
|---|---|
| fixed length control field | 01107nam a2200133Ia 4500 |
| 008 - FIXED-LENGTH DATA ELEMENTS--GENERAL INFORMATION | |
| fixed length control field | 220615s9999||||xx |||||||||||||| ||und|| |
| 020 ## - INTERNATIONAL STANDARD BOOK NUMBER | |
| International Standard Book Number | 9780260000000 |
| 245 #0 - TITLE STATEMENT | |
| Title | Making Open Development Inclusive |
| Remainder of title | Lessons from IDRC Research |
| 546 ## - LANGUAGE NOTE | |
| Language note | English[eng] |
| 650 ## - SUBJECT ADDED ENTRY--TOPICAL TERM | |
| Topical term or geographic name entry element | access||broadband||collaborative science||communications||connectivity||crowdsourcing||data||development||digital economy||ecology||economics||education||educational resources||entrepreneurship||equity||gender||geography||global||global development||global markets||government||health||inclusion||inequality||information||information science||innovation hubs||internet||knowledge||knowledge exchange||logistics||marginality||MOOCs||NGOs||OCSDNet||online platforms||open access||open data||open innovation||openness||open science||policy||politics||public resources||Reddit||resource distribution||social inclusion||technology||telecommunications||telecommunications reform||U.N.||UNDP||university||wi-fi |
| 700 ## - ADDED ENTRY--PERSONAL NAME | |
| Personal name | Smith, Matthew L.||Seward, Ruhiya Kristine |
| 856 ## - ELECTRONIC LOCATION AND ACCESS | |
| Uniform Resource Identifier | <a href="https://doi.org/10.7551/mitpress/11635.001.0001">https://doi.org/10.7551/mitpress/11635.001.0001</a> |
| 942 ## - ADDED ENTRY ELEMENTS (KOHA) | |
| Koha item type | E-Books |
| Withdrawn status | Lost status | Damaged status | Not for loan | Home library | Current library | Date acquired | Total Checkouts | Date last seen | Price effective from | Koha item type |
|---|---|---|---|---|---|---|---|---|---|---|
| Kerala University of Digital Sciences, Innovation and Technology Knowledge Centre | Kerala University of Digital Sciences, Innovation and Technology Knowledge Centre | 15/06/2022 | 15/06/2022 | 15/06/2022 | E-Books |